Functional foods, ageing and degenerative disease
Salvato in:
| Autore principale: | |
|---|---|
| Altri autori: | |
| Natura: | Libro |
| Lingua: | inglese |
| Pubblicazione: |
Cambridge
Woodhead Publ.
2004
|
| Soggetti: | |
| Accesso online: | Visualizza in OPAC |
| Tags: |
Nessun Tag, puoi essere il primo ad aggiungerne!!
|
MARC
| LEADER | 00000nam a2200000 a 4500 | ||
|---|---|---|---|
| 005 | 20260127134400.0 | ||
| 008 | 070308 2004 enk 000 0 eng d | ||
| 020 | |a 1855737256 | ||
| 035 | |a vtls008953326 | ||
| 039 | 9 | |y 200703081046 |z mschk03 | |
| 040 | |a STUSCHK1 |b slo |c STUSCHK1 |e AACR2 | ||
| 080 | |a 664 | ||
| 100 | 1 | |a Remacle, C. | |
| 245 | 1 | |a Functional foods, ageing and degenerative disease | |
| 260 | |a Cambridge |b Woodhead Publ. |c 2004 | ||
| 300 | |a xix, 771 p.: ill. ; 24 cm | ||
| 650 | 0 | |a foods | |
| 650 | 0 | |a degenerative disease | |
| 700 | 1 | |a Reusens, B. | |
| 910 | |a SCHK95 | ||
| 919 | |a 1-85573-725-6 | ||
| 999 | |c 11397 |d 11397 | ||